| Поле | Инд. | ПП | Название | Значение |
|---|---|---|---|---|
| Тип записи | a | |||
| Библиографический уровень | m | |||
| 001 | Контрольный номер | UNIDUBNA79a1ce87c9864a14b8802eae13ef4123 | ||
| 005 | Дата корректировки | 20250627125103.6 | ||
| 008 | Кодируемые данные | 20240214 | ||
| 022 | 0_ | a | ISSN | 0130-791Х |
| 084 | a | Индекс другой классификации/Индекс ББК | 84(2=411.2)6 | |
| 084 | a | Индекс другой классификации/Индекс ББК | 84(2Рос.Тат)6 | |
| 084 | a | Индекс другой классификации/Индекс ББК | 84(2Рос-6Яма)6 | |
| 084 | a | Индекс другой классификации/Индекс ББК | 84(4Фра)6 | |
| 084 | a | Индекс другой классификации/Индекс ББК | 84(4Вел)6 | |
| 084 | a | Индекс другой классификации/Индекс ББК | 83.3(4Ирл)6 | |
| 084 | a | Индекс другой классификации/Индекс ББК | 83.3(2=411.2)6 | |
| 084 | a | Индекс другой классификации/Индекс ББК | 87.3 | |
| 084 | a | Индекс другой классификации/Индекс ББК | 83.3(2=411.2)52-8Пушкин А. С. | |
| 084 | a | Индекс другой классификации/Индекс ББК | 83.3(2=411.2)52-8Достоевский Ф. М. | |
| 084 | a | Индекс другой классификации/Индекс ББК | 86.372 | |
| 090 | a | Полочн. индекс | 95.2 | |
| 099 | a | Индекс | 42414 | |
| 245 | 10 | a | Заглавие | Нева |
| n | Номер части/ раздела | №1/2024 | ||
| c | Ответственность | учредитель: ООО "Журнал "Нева""; гл. ред. Н. Гранцева | ||
| 260 | c | Дата издания | 2024 | |
| b | Издательство | Нева | ||
| a | Место издания | Санкт-Петербург | ||
| 300 | a | Объем | 256 с. | |
| 500 | a | Примечание | Журнал | |
| 505 | 0_ | a | Форматированное содержание | Стихи |
| b | Автор | Комаров К. М. | ||
| 505 | 0_ | a | Форматированное содержание | Путь в Дамаск |
| b | Автор | Гурина А. Н. | ||
| n | Доп. информация | Рассказ | ||
| 505 | 0_ | a | Форматированное содержание | Стихи |
| b | Автор | Ларина Т. | ||
| 505 | 0_ | a | Форматированное содержание | Выхожу один я на дорогу... |
| b | Автор | Пятков А. С. | ||
| n | Доп. информация | Рассказ | ||
| 505 | 0_ | a | Форматированное содержание | Автобус проходит обратно |
| b | Автор | Пятков А. С. | ||
| n | Доп. информация | Рассказ | ||
| 505 | 0_ | a | Форматированное содержание | Поминки |
| b | Автор | Пятков А. С. | ||
| n | Доп. информация | Рассказ | ||
| 505 | 0_ | a | Форматированное содержание | Как будто жизнь прошла... |
| b | Автор | Пятков А. С. | ||
| n | Доп. информация | Рассказ | ||
| 505 | 0_ | a | Форматированное содержание | До вокзала |
| b | Автор | Пятков А. С. | ||
| n | Доп. информация | Рассказ | ||
| 505 | 0_ | a | Форматированное содержание | Рябиновый день |
| b | Автор | Пятков А. С. | ||
| n | Доп. информация | Рассказ | ||
| 505 | 0_ | a | Форматированное содержание | Утром, поздней осенью |
| b | Автор | Пятков А. С. | ||
| n | Доп. информация | Рассказ | ||
| 505 | 0_ | a | Форматированное содержание | Стихи |
| b | Автор | Митюшкин Н. В. | ||
| 505 | 0_ | a | Форматированное содержание | Не переплыть |
| b | Автор | Осолодкина Д. В. | ||
| n | Доп. информация | Рассказ | ||
| 505 | 0_ | a | Форматированное содержание | За дверью |
| b | Автор | Осолодкина Д. В. | ||
| n | Доп. информация | Рассказ | ||
| 505 | 0_ | a | Форматированное содержание | Стихи о любви |
| b | Автор | Хайруллин Ф. | ||
| 505 | 0_ | a | Форматированное содержание | Предметы |
| b | Автор | Олексюк А. С. | ||
| n | Доп. информация | Цикл миниатюр | ||
| 505 | 0_ | a | Форматированное содержание | Блокадные фрески |
| b | Автор | Лукин Е. В. | ||
| n | Доп. информация | К 80-летию полного освобождения Ленинграда от фашистской блокады | ||
| 505 | 0_ | a | Форматированное содержание | Розовый банкомат |
| b | Автор | Пенкин А. В. | ||
| n | Доп. информация | Сказ об одном паникере. К 80-летию полного освобождения Ленинграда от фашистской блокады | ||
| 505 | 0_ | a | Форматированное содержание | Заветная субсидия |
| b | Автор | Пенкин А. В. | ||
| n | Доп. информация | К 80-летию полного освобождения Ленинграда от фашистской блокады | ||
| 505 | 0_ | a | Форматированное содержание | Стихи |
| b | Автор | Харитонов Е. Н. | ||
| n | Доп. информация | К 80-летию полного освобождения Ленинграда от фашистской блокады | ||
| 505 | 0_ | a | Форматированное содержание | Исповедь искусственного интеллекта |
| b | Автор | Стригин М. Б. | ||
| n | Доп. информация | Рассказ. К 80-летию полного освобождения Ленинграда от фашистской блокады | ||
| 505 | 0_ | a | Форматированное содержание | Топить можно вернуться |
| b | Автор | Михайлова П. А. | ||
| n | Доп. информация | Рассказ. К 80-летию полного освобождения Ленинграда от фашистской блокады | ||
| 505 | 0_ | a | Форматированное содержание | Зефирантес |
| b | Автор | Шабанова А. А. | ||
| n | Доп. информация | Повесть | ||
| 505 | 0_ | a | Форматированное содержание | Из французской и англоязычной поэзии |
| b | Автор | Валери П. | ||
| b | Автор | Аполлинер Г. | ||
| b | Автор | Арагон Л. | ||
| b | Автор | Йейтс У. | ||
| b | Автор | Фрост Р. | ||
| 505 | 0_ | a | Форматированное содержание | Время твердых медуз: метамодерн, который мы заслужэили |
| b | Автор | Заньковский А. В. | ||
| 505 | 0_ | a | Форматированное содержание | Дуэль Пушкина с Дантесом |
| b | Автор | Лурье Ф. М. | ||
| 505 | 0_ | a | Форматированное содержание | Право на достоинство личности: "Записки из Мертвого дома" Ф. М. Достоевского |
| b | Автор | Новикова-Строганова А. А. | ||
| 505 | 0_ | a | Форматированное содержание | Харбин - "русский Китеж" |
| b | Автор | Августин, архимандрит (Никитин Д. Е.) | ||
| n | Доп. информация | Часть 8 | ||
| 600 | 14 | a | Персоналии | Джойс Джеймс |
| a | Персоналии | Достоевский Федор Михайлович | ||
| a | Персоналии | Мандельштам Осип Эмильевич | ||
| a | Персоналии | Пушкин Александр Сергеевич | ||
| 650 | 04 | a | Основная рубрика | художественная литература; литературоведение |
| 653 | 0_ | a | Ключевые слова | "Записки из мертвого дома" |
| a | Ключевые слова | "Слово и культура" | ||
| a | Ключевые слова | "Улисс" | ||
| a | Ключевые слова | XXI век | ||
| a | Ключевые слова | англоязычная литература | ||
| a | Ключевые слова | блокада Ленинграда | ||
| a | Ключевые слова | Великая Отечественная война 1941-1945 | ||
| a | Ключевые слова | детская литература | ||
| a | Ключевые слова | метамодерн | ||
| a | Ключевые слова | постмодерн | ||
| a | Ключевые слова | постмодернистское мышление | ||
| a | Ключевые слова | православие | ||
| a | Ключевые слова | православные храмы | ||
| a | Ключевые слова | русская литература | ||
| a | Ключевые слова | русская литературная критика | ||
| a | Ключевые слова | русская поэзия | ||
| a | Ключевые слова | самоутверждение | ||
| a | Ключевые слова | Софийский собор | ||
| a | Ключевые слова | спекулятивный реализм | ||
| a | Ключевые слова | татарская литература | ||
| a | Ключевые слова | французская литература | ||
| a | Ключевые слова | французская поэзия | ||
| a | Ключевые слова | Харбин | ||
| 655 | a | Жанр/ форма (устаревшее) | миниатюра | |
| a | Жанр/ форма (устаревшее) | повесть | ||
| a | Жанр/ форма (устаревшее) | поэзия | ||
| a | Жанр/ форма (устаревшее) | проза | ||
| a | Жанр/ форма (устаревшее) | публицистика | ||
| a | Жанр/ форма (устаревшее) | рассказ | ||
| a | Жанр/ форма (устаревшее) | стихотворение | ||
| 700 | 12 | a | Автор | Комаров К. М. |
| q | Полное имя | Комаров Константин Маркович | ||
| 700 | 12 | a | Автор | Гурина А. Н. |
| q | Полное имя | Гурина Анна Николаевна | ||
| 700 | 12 | a | Автор | Ларина Т. |
| q | Полное имя | Ларина Тая | ||
| 700 | 12 | a | Автор | Пятков А. С. |
| q | Полное имя | Пятков Александр Сергеевич | ||
| 700 | 12 | a | Автор | Митюшкин Н. В. |
| q | Полное имя | Митюшкин Никита Владиславович | ||
| 700 | 12 | a | Автор | Осолодкина Д. В. |
| q | Полное имя | Осолодкина Дарья Владимировна | ||
| 700 | 12 | a | Автор | Хайруллин Ф. |
| q | Полное имя | Хайруллин Фарид | ||
| 700 | 12 | a | Автор | Олексюк А. С. |
| q | Полное имя | Олексюк Александр Сергеевич | ||
| 700 | 12 | a | Автор | Лукин Е. В. |
| q | Полное имя | Лукин Евгений Валентинович | ||
| 700 | 12 | a | Автор | Пенкин А. В. |
| q | Полное имя | Пенкин Анатолий Валерьевич | ||
| 700 | 12 | a | Автор | Харитонов Е. Н. |
| q | Полное имя | Харитонов Евгений Николаевич | ||
| 700 | 12 | a | Автор | Стригин М. Б. |
| q | Полное имя | Стригин Михаил Борисович | ||
| 700 | 12 | a | Автор | Михайлова П. А. |
| q | Полное имя | Михайлова Полина Александровна | ||
| 700 | 12 | a | Автор | Шабанова А. А. |
| q | Полное имя | Шабанова Антонина Андреевна | ||
| 700 | 12 | a | Автор | Кудимова М. |
| e | Роль лиц | автор вступительного слова | ||
| q | Полное имя | Кудимова Марина | ||
| 700 | 12 | a | Автор | Серебринский М. |
| e | Роль лиц | переводчик | ||
| q | Полное имя | Серебринский Михаил | ||
| 700 | 12 | a | Автор | Валери П. |
| q | Полное имя | Валери Поль | ||
| 700 | 12 | a | Автор | Аполлинер Г. |
| q | Полное имя | Аполлинер Гийом | ||
| 700 | 12 | a | Автор | Арагон Л. |
| q | Полное имя | Арагон Луи | ||
| 700 | 12 | a | Автор | Йейтс У. |
| q | Полное имя | Йейтс Уильям | ||
| 700 | 12 | a | Автор | Фрост Р. |
| q | Полное имя | Фрост Роберт | ||
| 700 | 12 | a | Автор | Заньковский А. В. |
| q | Полное имя | Заньковский Антон Владиславович | ||
| 700 | 12 | a | Автор | Лурье Ф. М. |
| q | Полное имя | Лурье Феликс Моисеевич | ||
| 700 | 12 | a | Автор | Новикова-Строганова А. А. |
| q | Полное имя | Новикова-Строганова Алла Анатольевна | ||
| 700 | 12 | a | Автор | Августин, архимандрит (Никитин Д. Е.) |
| 773 | 18 | w | Контрольный № источника | RU/IS/BASE/409860845 |
| 900 | a | Имя электронного ресурса | obl_neva_01_2024 | |
| x | Справочная информация | Обложка | ||
| 901 | t | Тип документа | s | |
| 952 | a | Тип литературы для КСУ ВШ | ЛХЖ | |
| 991 | s | 6 |